000 00464nam a2200181Ia 4500
008 230711s9999||||xx |||||||||||||| ||und||
020 _a978-0-7020-5035-0
041 _aENG
082 _a616
_bWA-P
100 _aWalker,Brian R
245 0 _aDavidon's Principles and Practice of Medicine
250 _a22nd Ed.
260 _c2014
_aNew York
_bElsevier Science Publishers
300 _a1372p.
650 _aPharmacy
700 _aColledge,Nicki R
942 _cBK
999 _c7274
_d7274